Design Classics 1880 -1930 (Record no. 12661)

MARC details
000 -CABECERA
campo de control de longitud fija 00995nam a2200265 4500
003 - IDENTIFICADOR DEL NÚMERO DE CONTROL
campo de control OSt
005 - FECHA Y HORA DE LA ÚLTIMA TRANSACCIÓN
campo de control 20260530115257.0
008 - DATOS DE LONGITUD FIJA--INFORMACIÓN GENERAL
campo de control de longitud fija 260421b2001 gw a|||| |||| 00| 0 eng d
020 ## - NÚMERO INTERNACIONAL ESTÁNDAR DEL LIBRO
Número Internacional Estándar del Libro 3822868760
040 ## - FUENTE DE LA CATALOGACIÓN
Centro catalogador/agencia de origen ICI
Lengua de catalogación spa
Centro/agencia transcriptor ICI
041 ## - CÓDIGO DE LENGUA
Código de lengua del texto/banda sonora o título independiente ENG
050 ## - SIGNATURA TOPOGRÁFICA DE LA BIBLIOTECA DEL CONGRESO
Número de clasificación NK951
Número de documento/Ítem B77
100 1# - ENTRADA PRINCIPAL--NOMBRE DE PERSONA
Nombre de persona Brohan, Torsten
9 (RLIN) 30647
245 10 - MENCIÓN DE TÍTULO
Título Design Classics 1880 -1930
Mención de responsabilidad, etc. Torsten Brohan, Thomas Berg ; [English translation: Ishbel Flett ; Spanish translation Gloria Bohigas ; Italian translation Pierpaolo Mura]
264 #1 - PRODUCCIÓN, PUBLICACIÓN, DISTRIBUCIÓN, FABRICACIÓN Y COPYRIGHT
Nombre del de productor, editor, distribuidor, fabricante TASCHEN
Fecha de producción, publicación, distribución, fabricación o copyright 2001
Producción, publicación, distribución, fabricación y copyright Koln
300 ## - DESCRIPCIÓN FÍSICA
Extensión 176 páginas
Otras características físicas hojas (algunas a color)
336 ## - TIPO DE CONTENIDO
Término de tipo de contenido texto
Fuente rdacontent
337 ## - TIPO DE MEDIO
Nombre/término del tipo de medio sin medio
Fuente rdamedia
338 ## - TIPO DE SOPORTE
Nombre/término del tipo de soporte volumen
Fuente rdacarrier
500 ## - NOTA GENERAL
Nota general "The picture material in this book commes from the Torsten Brohan Archive, Dusseldorf."--Rev. de la portada
500 ## - NOTA GENERAL
Nota general Texto en Ingles, Italiano y Español
650 #4 - PUNTO DE ACCESO ADICIONAL DE MATERIA--TÉRMINO DE MATERIA
Término de materia o nombre geográfico como elemento de entrada Diseño
Subdivisión general Historia
Subdivisión cronológica Siglo XIX
Subdivisión geográfica Alemania
9 (RLIN) 30648
700 #1 - PUNTO DE ACCESO ADICIONAL--NOMBRE DE PERSONA
Nombre de persona Berg, Thomas
Fechas asociadas al nombre 1965
Término indicativo de función/relación autor
9 (RLIN) 30649
942 ## - ELEMENTOS DE PUNTO DE ACCESO ADICIONAL (KOHA)
Fuente del sistema de clasificación o colocación Dewey Decimal Classification
Tipo de ítem Koha

No items available.